000
00293nam a22001217a 4500
003
SGT
082
_a
616.994
_b
E11Y
100
_a
YANG, STEPHEN C.
245
_a
EARLY DIAGNOSIS AND TREATMENT OF CANCER BREAST
260
_a
PHILADELPHIA
_b
SA SUNDERS
_c
2011
300
_a
338
942
_2
ddc
_c
BK
999
_c
14833
_d
14833